000 00422nam a2200145Ia 4500
008 211109s9999||||xx |||||||||||||| ||und||
082 _a803
_bFOW-C
100 _aFowler, H W
245 0 _aConcise Oxford Dictionary Of Current English
260 _bOxford University Press
_aLondon
_c1994
300 _a999
630 _xReference Reading Room
650 _aLITERATURE
_vMODERN ENGLISHDICTIONARY
_xGeneralia
942 _cBOOK
999 _c12701
_d12701